| 000 | 00644cam a22002292a 4500 | ||
|---|---|---|---|
| 001 | 024782 | ||
| 003 | AR-FADEU | ||
| 008 | 311216n2001####xxu####################dd | ||
| 020 | _a978-950-557-869-6 | ||
| 092 |
_a301.01 _bB985 _eBDT |
||
| 100 | _aButler, Judith | ||
| 245 | _aContingencia, hegemonía, universalidad : diálogos contemporáneos en la izquierda | ||
| 260 | _aMéxico | ||
| 260 | _bFondo de Cultura Económica | ||
| 260 | _c2001 | ||
| 300 | _a327 p | ||
| 440 | _aSociología | ||
| 500 | _aTraducción: Cristina Sardoy y Graciela Homs | ||
| 700 | _aErnesto, Laclau | ||
| 650 | _aSOCIOLOGIA-TEORIA/BDT/ | ||
| 942 | _cBDT | ||
| 999 |
_c30469 _d30469 |
||